000 00484nam a2200193 a 4500
001 1770111163076
003 YourLibrary
005 20260203155519.0
008 260203s2000##################000#0#eng##
020 _a9781573928304
082 0 4 _a305.42
_bWAL
100 1 _aWall, Edmund,
_eauthor.
245 1 0 _aSexual Harassment :
260 _bPyr,
_c2000.
300 _a302 pages
650 0 _aBusiness & Economics.
942 _cENGLISH
040 _aYourLibrary
_beng
_cYourLibrary
999 _c610064
_d610064